000 00449 a2200133 4500
001 ART_6234
005 20260410161825.0
008 260409a
245 1 0 _aLos gastos de consumo de las familias marplatenses y sus diferencias con los de las familias del Gran Buenos Aires
100 1 _aBerges, Miriam
700 1 _aRodriguez, Elsa
700 1 _aDi Paola, Rosángela
773 0 _tFACES
_g- Año 4, Nº 6 (oct. 1998)
_wREV5046
999 _c22724
_d22724